00422nam a2200169Ia 4500003000400000005001700004008004100021040000700062041000800069082002300077100001800100245005700118260003600175365000800211650001400219650001900233OSt20230516145907.0210423s1979 xx 000 0 und d cAL aeng a338.954 223bAGRI aAGARWAL (N R) aIndian economy: problems of development and planning aNew DelhibWiley and Sonsc1979 cINR aEconomics aIndian Economy